000 00318nam a2200145Ia 4500
100 _aBricker/ Frederick
942 _cBK
654 _aelectronics
245 _aAudels Automobile Guide
260 _bTaraporevala Sons
_aNONE
_c1967
082 _a629.222
_bBRI
300 _a723
546 _aENGLISH
999 _c18440
_d18440